|
|
|
|
| LEADER |
01762nam a2200445 a 4500 |
| 001 |
mzk03001192848 |
| 003 |
CZ BrMZK |
| 005 |
20130926104257.0 |
| 007 |
ta |
| 008 |
130925s1669 xr f |||| 0 lat d |
| 040 |
|
|
|a BOA001
|b cze
|
| 043 |
|
|
|a e-xr---
|
| 072 |
|
7 |
|a 93/94
|x Dějiny (obecně)
|2 Konspekt
|9 8
|
| 072 |
|
7 |
|a 094
|x Staré tisky
|2 Konspekt
|9 12
|
| 080 |
|
|
|a 93/94
|2 MRF
|
| 080 |
|
|
|a (059)
|2 MRF
|
| 080 |
|
|
|a 2-36
|2 MRF
|
| 080 |
|
|
|a 025.171
|2 MRF
|
| 080 |
|
|
|a (0.068)094
|2 MRF
|
| 100 |
1 |
|
|a Crugerius, Georgius,
|d 1608-1671
|7 jk01020838
|4 aut
|
| 245 |
1 |
0 |
|a SACRI PULVERIS MENSIS IVNII. R.P. GEORGII CRUGERII e SOCIETATE JESU. Sub Auspicijs SACROMONTANAE VIRGINIS, ET SS. PATRIARCHAE NORBERTI, Candidissimi Ordinis PRAEMONSTRATENSIS editi ac publico donati
|
| 260 |
|
|
|a Pragae :
|b Typis Archi-Episcopalibus in Collegio S. Norberti,
|c 1669
|f (Excudebat Paulus Tuchscherer)
|
| 300 |
|
|
|a [2], 282 s.;
|c 8°
|
| 500 |
|
|
|a Výzdoba: Vlysy z typografických ozdůbek, viněty, iniciály, tištěné marginální poznámky
|
| 501 |
|
|
|a Přívazek 1 k: SANCTISSIMUS NORBERTUS ... / Georgius Crugerius
|
| 655 |
|
7 |
|a kalendária
|7 fd185212
|2 czenas
|
| 655 |
|
7 |
|a staré tisky
|7 fd422076
|2 czenas
|
| 650 |
|
7 |
|a světci
|7 ph116353
|2 czenas
|
| 650 |
|
7 |
|a historické knihovní fondy
|7 ph172933
|2 czenas
|
| 651 |
|
7 |
|a Česko
|x dějiny
|7 ge128065
|2 czenas
|
| 903 |
|
|
|a RP
|
| 910 |
|
|
|e BOE950
|c R - J. II. e. 33,přív.1
|
| 978 |
|
|
|b Tiskárna arcibiskupská
|a Praha
|c 1669
|
| 978 |
|
|
|b Tuscher, Pavel
|a Praha
|c 1669
|
| 984 |
|
|
|a Praha
|b Česko
|
| 985 |
|
|
|a 1651-1700
|
| 990 |
|
|
|a BK
|
| 996 |
|
|
|e BOE950
|c R - J. II. e. 33,přív.1
|
| 991 |
|
|
|k rajhrad
|
| 994 |
|
|
|a UP
|l MZK03
|b 001192847
|m přívazek 1
|n záznam 1. díla (pro objednání pokračujte kliknutím)
|